The seaman's daily assistant : being a short, easy, and plain method of keeping a journal at sea; in which are contain'd rules, shewing how the allowances for lee-way, ... are to be made; ... By Thomas Haselden, ...

Bibliographic Details
Main Author: Haselden, Thomas, -1740
Format: eBook
Language:English
Series:Eighteenth century collections online.
Online Access:Full text online

MARC

Tag First Indicator Second Indicator Subfields
LEADER 00000cam a2200000 4500
001 in00001905310
006 m | d |
007 cr |n||||||||n
008 810127s1761 enk|||| s 00||||eng d
005 20260406204321.7
035 |a (CStRLIN)ESTCT112254 
040 |a Uk-ES  |c Uk-ES  |d Cu-RivES  |d CStRLIN  |d Thomson Gale  |d UtOrBLW 
100 1 |a Haselden, Thomas,  |d -1740. 
245 1 4 |a The seaman's daily assistant :  |b being a short, easy, and plain method of keeping a journal at sea; in which are contain'd rules, shewing how the allowances for lee-way, ... are to be made; ... By Thomas Haselden, ... 
264 3 |a London :  |b printed for W. and J. Mount, T. Page, and Son,  |c 1761. 
300 |a 8 unnumbered pages, 160p :  |b illustrations ;  |c 4⁰. 
336 |a text  |b txt  |2 rdacontent 
337 |a computer  |b c  |2 rdamedia 
338 |a online resource  |b cr  |2 rdacarrier 
500 |a Reproduction of original from the British Library. 
510 4 |a English Short Title Catalog,  |c ESTCT112254. 
533 |a Electronic reproduction.  |b Farmington Hills, Mich. :  |c Thomson Gale,  |d 2003.  |n Available via the World Wide Web.  |n Access limited by licensing agreements  |7 s2003 miunns 
500 |a Electronic resource. 
830 0 |a Eighteenth century collections online. 
856 4 0 |u http://proxy.library.tamu.edu/login?url=https://galenet.galegroup.com/servlet/ECCO?c=1&stp=Author&ste=11&af=BN&ae=T112254&tiPG=1&dd=0&dc=flc&docNum=CW109302022&vrsn=1.0&srchtp=a&d4=0.33&n=10&SU=0LRM&locID=txshracd2898  |z Full text online  |t 0 
999 |a MARS 
999 f f |s 06c687e5-b366-3ae9-b776-b36ca9aba770  |i fea2a537-9cf2-3867-8a39-f9e0c4e47682  |t 0 
952 f f |a Texas A&M University  |b College Station  |c Electronic Resources  |s www_evans  |d Available Online  |t 0  |h No information provided 
998 f f |t 0  |l Available Online